[Event "X C.to Italiano U20"]
[Site "Bratto - Castione della Presolana ITA"]
[Date "2002.08.24"]
[Round "5"]
[White "Frilli, Guido"]
[Black "Costantini, Roberto"]
[Result "0-1"]
[WhiteElo "1750"]
[BlackElo "2340"]
[PlyCount "78"]
[EventDate "2002.08.20"]

1.e4 c5 2.Nc3 d6 3.g3 Nc6 4.Bg2 g6 5.d3 Bg7 6.Be3 Qa5 7.Qd2 Nd4 8.f4 e6 9.
Nh3 Ne7 10.O-O f5 11.Qf2 O-O 12.Nd1 Qc7 13.c3 Ndc6 14.e5 dxe5 15.Bxc5 Rd8 
16.Qe2 exf4 17.gxf4 Nd5 18.Ne3 Nf6 19.d4 Re8 20.Ba3 b6 21.Qf3 Bb7 22.Nf2 
Rab8 23.d5 exd5 24.Nxd5 Qf7 25.Nxf6+ Qxf6 26.Qg3 Rbd8 27.Rfe1 Rxe1+ 28.
Rxe1 Qf7 29.b3 Bf6 30.c4 Nd4 31.Bc1 Qc7 32.Kf1 Ba6 33.Kg1 b5 34.Bf1 bxc4 
35.bxc4 Bxc4 36.a3 Bd5 37.Bg2 Ne2+ 38.Rxe2 Qxc1+ 39.Bf1 Bc4 0-1

[Event "X C.to Italiano U20"]
[Site "Bratto - Castione della Presolana ITA"]
[Date "2002.08.24"]
[Round "5"]
[White "Hellweger, Stefan"]
[Black "Rodella, Tommaso"]
[Result "1-0"]
[WhiteElo "1488"]
[BlackElo "1573"]
[PlyCount "69"]
[EventDate "2002.08.20"]

1.e4 e5 2.Nf3 Nc6 3.Bc4 Bc5 4.O-O Nf6 5.d3 h6 6.c3 d6 7.b4 Bb6 8.a4 a6 9.
Be3 Bxe3 10.fxe3 Bg4 11.Nbd2 O-O 12.h3 Bh5 13.Qc2 Qd7 14.Kh2 Rad8 15.Bd5 
Nxd5 16.exd5 Ne7 17.e4 f5 18.c4 c6 19.a5 cxd5 20.cxd5 Rc8 21.Qb3 Rc7 22.
Rac1 Qc8 23.Rc4 Rxc4 24.Qxc4 Qxc4 25.Nxc4 Rc8 26.Nxd6 Rc3 27.Nxe5 fxe4 28.
dxe4 Rb3 29.Ndc4 Rxb4 30.d6 Nc6 31.d7 Be2 32.Nxc6 Bxf1 33.d8=Q+ Kh7 34.
Nxb4 Bxc4 35.Qb6 1-0

[Event "X C.to Italiano U20"]
[Site "Bratto - Castione della Presolana ITA"]
[Date "2002.08.24"]
[Round "5"]
[White "Lain, Luigi"]
[Black "Napoli, Nicolo'"]
[Result "1-0"]
[WhiteElo "2160"]
[BlackElo "1902"]
[PlyCount "63"]
[EventDate "2002.08.20"]

1.d4 g6 2.c4 Bg7 3.e4 d6 4.Nc3 Nc6 5.Be3 e5 6.d5 Nd4 7.f3 c5 8.Qd2 Bd7 9.
Bd3 f5 10.exf5 gxf5 11.O-O-O a6 12.Re1 Qa5 13.Bg5 b5 14.Bb1 Ne7 15.Nge2 
Rc8 16.Ng3 h5 17.f4 b4 18.Nd1 h4 19.fxe5 dxe5 20.Ne2 Qb6 21.Rhf1 Rh5 22.
Be3 f4 23.Nxf4 exf4 24.Bxf4 Bg4 25.d6 Qb7 26.Bg6+ Kd8 27.dxe7+ Kd7 28.
e8=Q+ Rxe8 29.Bxe8+ Kc8 30.Bxh5 Bxh5 31.Be5 b3 32.a3 1-0

[Event "X C.to Italiano U20"]
[Site "Bratto - Castione della Presolana ITA"]
[Date "2002.08.24"]
[Round "5"]
[White "Mazzilli, Piero"]
[Black "Longo, Luigi"]
[Result "1/2-1/2"]
[WhiteElo "2242"]
[BlackElo "1678"]
[PlyCount "105"]
[EventDate "2002.08.20"]

1.d4 Nf6 2.c4 e6 3.Bg5 Be7 4.Nc3 d5 5.e3 O-O 6.Nf3 h6 7.Bh4 b6 8.Bd3 dxc4 
9.Bxc4 Nbd7 10.O-O Bb7 11.Qe2 Ne4 12.Nxe4 Bxh4 13.Nc3 c5 14.Rfd1 Qe7 15.d5
exd5 16.Bxd5 Rab8 17.Bxb7 Rxb7 18.Nd5 Qe4 19.Nc3 Qe7 20.Qa6 Rfb8 21.Qa4 
Bf6 22.Nd5 Qe8 23.Rd2 Qe6 24.Nxf6+ Nxf6 25.Rad1 Qe8 26.Qc4 Qe4 27.Qb3 Qe7 
28.Qb5 Qe8 29.a4 Qxb5 30.axb5 Kf8 31.Ne5 Ra8 32.Nc6 g6 33.Rd8+ Rxd8 34.
Rxd8+ Kg7 35.f3 Rd7 36.Rxd7 Nxd7 37.Nxa7 Kf6 38.e4 Ke5 39.Nc6+ Kd6 40.f4 
c4 41.e5+ Kc5 42.Nd8 f5 43.Kf2 Kxb5 44.Ke3 Kc5 45.Ne6+ Kd5 46.Nc7+ Kc6 47.
Ne8 Nc5 48.Nd6 b5 49.Nf7 Na4 50.e6 Nxb2 51.Kd4 b4 52.e7 Kd7 53.Ne5+ 
1/2-1/2

[Event "X C.to Italiano U20"]
[Site "Bratto - Castione della Presolana ITA"]
[Date "2002.08.24"]
[Round "5"]
[White "Mogranzini, Roberto"]
[Black "Bentivegna, Francesco"]
[Result "1/2-1/2"]
[WhiteElo "2149"]
[BlackElo "2120"]
[PlyCount "124"]
[EventDate "2002.08.20"]

1.e4 e5 2.Nf3 Nc6 3.Bb5 a6 4.Ba4 Nf6 5.Qe2 b5 6.Bb3 Bc5 7.O-O O-O 8.c3 Qe7
9.d3 h6 10.Be3 Bxe3 11.fxe3 d6 12.Nbd2 Be6 13.d4 Na5 14.Bxe6 Qxe6 15.d5 
Qg4 16.h3 Qg3 17.b4 Nb7 18.a4 bxa4 19.Rxa4 a5 20.Rfa1 Ra7 21.Qc4 Rfa8 22.
R4a3 Qg6 23.R1a2 Nd7 24.Qd3 Qf6 25.Nc4 a4 26.Qc2 Qd8 27.Rxa4 Qb8 28.Qd1 g6
29.Qa1 Rxa4 30.Rxa4 Rxa4 31.Qxa4 Nf6 32.Nfd2 Kf8 33.Kf2 Nd8 34.Ke2 Ke7 35.
Na5 Nd7 36.g4 Nb6 37.Qa1 f6 38.Qc1 Kf7 39.c4 Nd7 40.Qb1 Qb6 41.Qb3 Ke7 42.
Qa4 Nb8 43.b5 Nd7 44.Nc6+ Nxc6 45.dxc6 Nf8 46.Qa8 Kf7 47.Kd3 h5 48.Ke2 
hxg4 49.hxg4 Ne6 50.Qc8 Nc5 51.Qh8 Ne6 52.Qa8 Nc5 53.Kf3 Nd3 54.Qa3 Nc5 
55.Qa8 Nd3 56.Qa2 Nc5 57.Ke2 Qb8 58.Qa5 Qc8 59.Kf3 f5 60.exf5 gxf5 61.Qa7 
fxg4+ 62.Kg3 Kg6 1/2-1/2

[Event "X C.to Italiano U20"]
[Site "Bratto - Castione della Presolana ITA"]
[Date "2002.08.24"]
[Round "5"]
[White "Nardelli, Marco"]
[Black "Navarro, Stefano"]
[Result "0-1"]
[WhiteElo "1821"]
[BlackElo "2122"]
[PlyCount "42"]
[EventDate "2002.08.20"]

1.e4 e5 2.Nf3 Nc6 3.Bb5 f5 4.d4 fxe4 5.Bxc6 dxc6 6.Nxe5 Nf6 7.Bg5 Bd6 8.
Nd2 O-O 9.Qe2 Qe8 10.O-O-O Bxe5 11.dxe5 Qxe5 12.f4 Qe6 13.Rhe1 Qxa2 14.Nb3
Be6 15.Bxf6 Rxf6 16.Qxe4 Bd5 17.Rxd5 cxd5 18.Qxd5+ Kh8 19.Qxb7 Rff8 20.Qc6
a5 21.Kd2 Qxb2 0-1

[Event "X C.to Italiano U20"]
[Site "Bratto - Castione della Presolana ITA"]
[Date "2002.08.24"]
[Round "5"]
[White "Nardi, Marco"]
[Black "Tassinari, Luca"]
[Result "1-0"]
[WhiteElo "1690"]
[BlackElo "1600"]
[PlyCount "69"]
[EventDate "2002.08.20"]

1.e4 c5 2.Nc3 Nc6 3.g3 g6 4.Bg2 Bg7 5.d3 e6 6.Be3 b6 7.Qd2 Nge7 8.Bh6 O-O 
9.h4 f6 10.Bxg7 Kxg7 11.h5 g5 12.f4 h6 13.e5 gxf4 14.gxf4 f5 15.Nf3 Kh8 
16.Nh4 Rg8 17.Nb5 Rg7 18.Nd6 Qg8 19.O-O-O Ba6 20.Rh3 Nc8 21.Ng6+ Kh7 22.
Bxc6 dxc6 23.Rg3 Nxd6 24.exd6 Rd8 25.Rdg1 Rxd6 26.Nf8+ Qxf8 27.Rxg7+ Qxg7 
28.Rxg7+ Kxg7 29.Qc3+ Rd4 30.Qa3 Bb5 31.Qxa7+ Kf6 32.Qh7 Rxf4 33.Qxh6+ Ke5
34.Qh8+ Kd5 35.Qd8+ 1-0

[Event "X C.to Italiano U20"]
[Site "Bratto - Castione della Presolana ITA"]
[Date "2002.08.24"]
[Round "5"]
[White "Navarro, Tommaso"]
[Black "Cappai, Davide"]
[Result "0-1"]
[WhiteElo "1567"]
[BlackElo "1774"]
[PlyCount "52"]
[EventDate "2002.08.20"]

1.e4 c5 2.d4 cxd4 3.c3 d5 4.Nf3 dxe4 5.Ne5 d3 6.Qa4+ Nd7 7.Na3 e6 8.b4 f6 
9.Nec4 Kf7 10.Be3 Nh6 11.h4 Nf5 12.Bf4 Nb6 13.Qb3 Nd5 14.g4 Nxh4 15.Rxh4 
Nxf4 16.Kd2 g5 17.Rh2 b6 18.Re1 Bb7 19.Ne3 a5 20.Ng2 Bd6 21.Nc4 axb4 22.
Nxd6+ Qxd6 23.Ne3 bxc3+ 24.Qxc3 Rxa2+ 25.Kd1 Ne2 26.Qb3 Qd4 0-1

[Event "X C.to Italiano U20"]
[Site "Bratto - Castione della Presolana ITA"]
[Date "2002.08.24"]
[Round "5"]
[White "Pulito, Alberto"]
[Black "Berni, Giorgio"]
[Result "0-1"]
[WhiteElo "2032"]
[BlackElo "2198"]
[PlyCount "124"]
[EventDate "2002.08.20"]

1.e4 c5 2.Nc3 Nc6 3.f4 g6 4.Nf3 Bg7 5.Bc4 e6 6.f5 Nge7 7.fxe6 fxe6 8.O-O 
d5 9.Bb3 b5 10.Nxb5 c4 11.Ba4 O-O 12.Nc3 d4 13.Ne2 d3 14.Nc3 Nd4 15.cxd3 
cxd3 16.Kh1 Bb7 17.b4 Bxe4 18.Nxe4 Nxf3 19.Rxf3 Bxa1 20.Nc5 Rxf3 21.Qxf3 
Qd5 22.Nxe6 Qxf3 23.gxf3 Kf7 24.Nc5 Rd8 25.Bb5 Kf6 26.Nxd3 Nd5 27.a3 Nc7 
28.Bc4 Rd4 29.Nb2 Ne6 30.Bf1 Nf4 31.Nc4 Nd3 32.Bxd3 Rxd3 33.Kg2 Rd4 34.Ne3
Ke6 35.Kf2 Bb2 36.Nc2 Rd8 37.Bxb2 Rxd2+ 38.Kg3 Rxc2 39.Bd4 a6 40.a4 Kd5 
41.Bg7 Rc4 42.Bf8 a5 43.bxa5 Rxa4 44.Bh6 Rxa5 45.Kg4 Ke6 46.h4 Ra4+ 47.Kg3
Kf5 48.Kh3 Ra3 49.Kg3 Rb3 50.Kg2 Rb2+ 51.Kg3 Rb1 52.Kh2 Ke5 53.Kg2 Kd4 54.
Kg3 Rb5 55.Kg4 Kd3 56.Kg3 Ke2 57.Kg4 Rf5 58.f4 Kf2 59.Bg5 h5+ 60.Kh3 Kf3 
61.Bh6 Rd5 62.Bg5 Rxg5 0-1

[Event "X C.to Italiano U20"]
[Site "Bratto - Castione della Presolana ITA"]
[Date "2002.08.24"]
[Round "5"]
[White "Retter, Martin"]
[Black "Chinello, Gianmarco"]
[Result "1-0"]
[WhiteElo "1807"]
[BlackElo "1636"]
[PlyCount "102"]
[EventDate "2002.08.20"]

1.c4 Nf6 2.g3 e6 3.Bg2 d5 4.cxd5 exd5 5.d4 c6 6.Bg5 Nbd7 7.Nc3 h6 8.Bf4 
Nb6 9.Nf3 Bd6 10.Bxd6 Qxd6 11.O-O Bf5 12.a3 Nc4 13.b4 Ne4 14.Nxe4 Bxe4 15.
Nd2 Bxg2 16.Kxg2 Nxd2 17.Qxd2 O-O 18.a4 a6 19.a5 Qe6 20.Ra3 Rfe8 21.Re3 
Qg6 22.Rc1 Rxe3 23.Qxe3 Qe4+ 24.Qxe4 dxe4 25.Rc5 Rd8 26.e3 Rd5 27.g4 Rxc5 
28.bxc5 Kf8 29.Kg3 g5 30.f3 exf3 31.Kxf3 Ke7 32.e4 Ke6 33.Ke3 Kf6 34.Kd3 
Ke6 35.Kc4 Kf6 36.d5 Ke5 37.d6 Ke6 38.Kd4 f6 39.Ke3 Kd7 40.Kd3 Ke6 41.Kd4 
Kd7 42.e5 Ke6 43.exf6 Kxf6 44.Ke4 Ke6 45.h3 Kf6 46.d7 Ke7 47.d8=Q+ Kxd8 
48.Kf5 Kd7 49.Kg6 b5 50.cxb6 c5 51.Kf5 Kc6 1-0

[Event "X C.to Italiano U20"]
[Site "Bratto - Castione della Presolana ITA"]
[Date "2002.08.24"]
[Round "5"]
[White "Tomba, Ivan"]
[Black "Arcion, Riccardo"]
[Result "1-0"]
[WhiteElo "2178"]
[BlackElo "1825"]
[PlyCount "99"]
[EventDate "2002.08.20"]

1.e4 c5 2.Nf3 e6 3.d4 cxd4 4.Nxd4 Nc6 5.Nc3 Qc7 6.Be3 a6 7.f4 d6 8.Be2 Nf6
9.a4 Be7 10.O-O O-O 11.Kh1 Bd7 12.Nb3 b6 13.Bf3 Rac8 14.g4 Rfd8 15.g5 Ne8 
16.Bg2 Nb4 17.Rf2 d5 18.exd5 Nxd5 19.Nxd5 exd5 20.Qxd5 Bxa4 21.Qb7 Qxb7 
22.Bxb7 Bc6+ 23.Bxc6 Rxc6 24.Rxa6 Re6 25.Bd4 Re1+ 26.Kg2 b5 27.Bc5 Bxc5 
28.Nxc5 Nc7 29.Rb6 g6 30.Rb7 Re7 31.Na6 Nd5 32.Rxe7 Nxe7 33.Nc7 b4 34.Re2 
Kf8 35.Nb5 Rd5 36.c4 bxc3 37.Nxc3 Rd3 38.Kf2 Nf5 39.Ke1 Nd4 40.Rf2 Kg7 41.
Nd5 Nb3 42.Nf6 Nd4 43.b4 Rb3 44.Ra2 Ne6 45.Ra8 Nf8 46.Rb8 Rf3 47.b5 Rxf4 
48.b6 Rb4 49.b7 h6 50.Rxf8 1-0

[Event "X C.to Italiano U20"]
[Site "Bratto - Castione della Presolana ITA"]
[Date "2002.08.24"]
[Round "5"]
[White "Trazzi, Enrico"]
[Black "Buchicchio, Roberto"]
[Result "1/2-1/2"]
[WhiteElo "1500"]
[BlackElo "1645"]
[PlyCount "41"]
[EventDate "2002.08.20"]

1.d4 f5 2.c4 g6 3.Nf3 Bg7 4.Nc3 Nf6 5.Bf4 d6 6.e3 O-O 7.Be2 h6 8.O-O Nh5 
9.Rc1 Nxf4 10.exf4 Nd7 11.b3 e5 12.fxe5 dxe5 13.dxe5 Nxe5 14.Qxd8 Nxf3+ 
15.Bxf3 Rxd8 16.Nd5 c6 17.Ne7+ Kf7 18.Nxc8 Raxc8 19.Rfe1 Rd2 20.a4 Rd3 21.
Rb1 1/2-1/2

[Event "X C.to Italiano U20"]
[Site "Bratto - Castione della Presolana ITA"]
[Date "2002.08.24"]
[Round "5"]
[White "Vocaturo, Daniele"]
[Black "Waldner, Mirko"]
[Result "1/2-1/2"]
[WhiteElo "2101"]
[BlackElo "1636"]
[PlyCount "67"]
[EventDate "2002.08.20"]

1.e4 e6 2.d4 d5 3.Nc3 Nf6 4.e5 Nfd7 5.f4 c5 6.Nf3 cxd4 7.Nxd4 Nc6 8.Be3 
Bc5 9.Qd2 a6 10.O-O-O Nxd4 11.Bxd4 Bxd4 12.Qxd4 Qb6 13.Be2 Qxd4 14.Rxd4 
Nc5 15.Rf1 Bd7 16.f5 Bc6 17.b4 Nd7 18.fxe6 fxe6 19.b5 axb5 20.Nxb5 Ke7 21.
Rg4 g6 22.Nd4 Rxa2 23.Kb1 Raa8 24.Rg5 Rhf8 25.Re1 Rf4 26.Rg4 Raf8 27.g3 
Rf2 28.Rh4 R8f7 29.Nf3 Nf8 30.Ng5 Rg7 31.Nh3 Rff7 32.Kc1 Ke8 33.Ng5 Rc7 
34.Kd1 1/2-1/2

[Event "X C.to Italiano U20"]
[Site "Bratto - Castione della Presolana ITA"]
[Date "2002.08.25"]
[Round "6"]
[White "Arcion, Riccardo"]
[Black "Mazzilli, Piero"]
[Result "0-1"]
[WhiteElo "1825"]
[BlackElo "2242"]
[PlyCount "82"]
[EventDate "2002.08.20"]

1.d4 d5 2.Nf3 c6 3.e3 Bg4 4.c4 e6 5.cxd5 exd5 6.Nc3 Nd7 7.Be2 Bd6 8.h3 Bh5
9.O-O Ngf6 10.Nh4 Bxe2 11.Qxe2 O-O 12.f4 Re8 13.Qf2 Bb4 14.Nf3 Bxc3 15.
bxc3 Ne4 16.Qc2 Nb6 17.Nd2 Nxd2 18.Bxd2 Nc4 19.Rae1 b5 20.Bc1 Re4 21.g3 
Qe7 22.Rf3 Rb8 23.Kf2 b4 24.Bd2 bxc3 25.Bxc3 Qa3 26.Rb1 Rxb1 27.Qxb1 Re8 
28.Qb3 Qxb3 29.axb3 Nd6 30.Ke2 Rb8 31.b4 Ne4 32.Be1 Rb6 33.g4 Ra6 34.Rf1 
Ra2+ 35.Kd3 f6 36.f5 Kf7 37.Rf3 Ke8 38.Rf4 Kd7 39.h4 h6 40.Rxe4 Ra3+ 41.
Bc3 dxe4+ 0-1

[Event "X C.to Italiano U20"]
[Site "Bratto - Castione della Presolana ITA"]
[Date "2002.08.25"]
[Round "6"]
[White "Bartolini, Marco"]
[Black "Nardi, Marco"]
[Result "0-1"]
[WhiteElo "1618"]
[BlackElo "1690"]
[PlyCount "92"]
[EventDate "2002.08.20"]

1.d4 d5 2.c4 c6 3.cxd5 cxd5 4.Nc3 Nf6 5.Bf4 Nc6 6.e3 a6 7.a3 b5 8.Bd3 e6 
9.Nf3 Bd6 10.Bxd6 Qxd6 11.O-O O-O 12.b4 Bb7 13.Rc1 Rac8 14.Ne2 Nb8 15.Nd2 
Ng4 16.Ng3 h5 17.Nb3 Rxc1 18.Nxc1 f5 19.h3 Nxe3 20.fxe3 Qxg3 21.Qd2 Nd7 
22.Nb3 g6 23.Nc5 Nxc5 24.bxc5 Qc7 25.Rb1 Kg7 26.Qb2 f4 27.Re1 f3 28.Rf1 
Qg3 29.Qf2 Qg5 30.Kh2 e5 31.gxf3 exd4 32.exd4 Qf4+ 33.Qg3 Qd2+ 34.Rf2 Qxd3
35.Qe5+ Kg8 36.Rg2 Qf5 37.Qxf5 Rxf5 38.Rxg6+ Kh7 39.Rb6 Bc8 40.Rb8 Rf8 41.
Kg3 Kg7 42.f4 Kf7 43.Kh4 Ke7 44.Kxh5 Bg4+ 45.hxg4 Rxb8 46.g5 a5 0-1

[Event "X C.to Italiano U20"]
[Site "Bratto - Castione della Presolana ITA"]
[Date "2002.08.25"]
[Round "6"]
[White "Bentivegna, Francesco"]
[Black "Tomba, Ivan"]
[Result "1/2-1/2"]
[WhiteElo "2120"]
[BlackElo "2178"]
[PlyCount "133"]
[EventDate "2002.08.20"]

1.e4 c5 2.c3 d5 3.exd5 Qxd5 4.d4 Nf6 5.Nf3 Bg4 6.Qa4+ Bd7 7.Qb3 cxd4 8.Bc4
Qe4+ 9.Kf1 e6 10.cxd4 Nc6 11.Nc3 Qf5 12.Qxb7 Rb8 13.Qc7 Bb4 14.Qf4 Qc2 15.
Qd2 Qg6 16.Bd3 Qh5 17.Qg5 Qxg5 18.Bxg5 O-O 19.Bd2 Nd5 20.Ke2 Bxc3 21.bxc3 
Rb2 22.Ke1 Rc8 23.Ng1 Na5 24.Ne2 Nc4 25.Bc1 Rb6 26.Rb1 Rxb1 27.Bxb1 Ncb6 
28.Bd2 Na4 29.Bd3 Naxc3 30.Nxc3 Nxc3 31.Bxc3 Rxc3 32.Kd2 Ra3 33.Bc4 Bc6 
34.Rb1 g6 35.f3 Bd5 36.Bxd5 exd5 37.Rb2 Kg7 38.Ke2 Kf6 39.h4 h5 40.g3 Kf5 
41.Rd2 f6 42.Kf2 g5 43.hxg5 Kxg5 44.Rc2 Kf5 45.Ke2 a5 46.Rb2 a4 47.Rc2 Ke6
48.Rb2 Kd7 49.Rc2 Kd6 50.Rb2 Kc6 51.Rc2+ Kb5 52.Rc5+ Kb4 53.Rxd5 Rxa2+ 54.
Kd3 a3 55.Rxh5 Rg2 56.Rh8 a2 57.Rb8+ Ka3 58.g4 a1=Q 59.Ra8+ Kb2 60.Rxa1 
Kxa1 61.d5 Kb2 62.Ke4 Kc3 63.f4 Kc4 64.d6 Rd2 65.Kf5 Rxd6 66.g5 fxg5 67.
fxg5 1/2-1/2

[Event "X C.to Italiano U20"]
[Site "Bratto - Castione della Presolana ITA"]
[Date "2002.08.25"]
[Round "6"]
[White "Berni, Giorgio"]
[Black "Navarro, Stefano"]
[Result "1-0"]
[WhiteElo "2198"]
[BlackElo "2122"]
[PlyCount "155"]
[EventDate "2002.08.20"]

1.e4 e5 2.Nf3 Nc6 3.Bb5 f5 4.Nc3 fxe4 5.Nxe4 d5 6.Nxe5 dxe4 7.Nxc6 Qg5 8.
Qe2 Nf6 9.f4 Qxf4 10.Ne5+ c6 11.d4 Qh4+ 12.g3 Qh3 13.Bc4 Be6 14.Bg5 O-O-O 
15.O-O-O Bd6 16.g4 Bxc4 17.Nxc4 Bc7 18.Bxf6 gxf6 19.Qxe4 Rhe8 20.Qf5+ Kb8 
21.c3 Re2 22.Rd2 Qg2 23.Rxe2 Qxe2 24.Nd2 Re8 25.h3 Qe3 26.Qxh7 Bf4 27.Rd1 
Qf2 28.Qd7 Rh8 29.d5 cxd5 30.Qxd5 a6 31.Kb1 Rxh3 32.Ne4 Qf3 33.Qd8+ Ka7 
34.Qd4+ Ka8 35.Nxf6 Be3 36.Qd6 Rh6 37.g5 Qf5+ 38.Ka1 Qxg5 39.Qf8+ Ka7 40.
Nd7 Qg3 41.a3 Rg6 42.Qe8 Rg8 43.Qe4 Qf4 44.Qe6 Rg1 45.Rxg1 Bxg1 46.Qd5 Be3
47.Ka2 Qc7 48.c4 Bg1 49.c5 Be3 50.b4 Qc6 51.Qd3 Qe6+ 52.Kb1 Bg5 53.Nb6 Bf6
54.Nc4 Qe1+ 55.Kc2 Qe6 56.Kb3 Qc6 57.Qe3 Bd8 58.Qd3 Bf6 59.a4 Be7 60.Ne3 
Qe6+ 61.Nd5 Bd8 62.b5 axb5 63.axb5 Bf6 64.b6+ Kb8 65.Kc2 Be5 66.Qe4 Qe8 
67.Kb3 Qe6 68.Kc2 Qe8 69.Nf6 Qe7 70.Qxe5+ Qxe5 71.Nd7+ Kc8 72.Nxe5 Kd8 73.
Kd3 Kc8 74.Kd4 Kb8 75.Kd5 Kc8 76.c6 Kb8 77.c7+ Kc8 78.Nf7 1-0

[Event "X C.to Italiano U20"]
[Site "Bratto - Castione della Presolana ITA"]
[Date "2002.08.25"]
[Round "6"]
[White "Bonarrigo, Marco"]
[Black "Navarro, Tommaso"]
[Result "1-0"]
[WhiteElo "1699"]
[BlackElo "1567"]
[PlyCount "77"]
[EventDate "2002.08.20"]

1.e4 e5 2.Nf3 Nc6 3.Bb5 a6 4.Ba4 d6 5.d4 b5 6.Bb3 Nf6 7.dxe5 Nxe4 8.Qd5 
Qd7 9.Qxe4 Be7 10.O-O Bb7 11.e6 Qc8 12.Qg4 f6 13.Qxg7 Rf8 14.Qxh7 Kd8 15.
Bh6 Re8 16.Nc3 Na5 17.Bd5 c6 18.Be4 Qxe6 19.Rfe1 Qg8 20.Qxg8 Rxg8 21.Nd4 
Kc7 22.Bh7 Rg4 23.Rxe7+ Kb6 24.Nf5 Rh8 25.Nxd6 Ba8 26.f3 Rh4 27.Nf5 Rc4 
28.Be3+ c5 29.Rd1 Nc6 30.Nd5+ Ka5 31.Rc7 Rd8 32.Bd2+ b4 33.Nfe3 Rh4 34.Bd3
Rxd5 35.Nxd5 c4 36.Bf1 f5 37.a3 Nd4 38.Bxb4+ Ka4 39.Nc3# 1-0

[Event "X C.to Italiano U20"]
[Site "Bratto - Castione della Presolana ITA"]
[Date "2002.08.25"]
[Round "6"]
[White "Bove, Alessandro"]
[Black "Vocaturo, Daniele"]
[Result "0-1"]
[WhiteElo "1815"]
[BlackElo "2101"]
[PlyCount "80"]
[EventDate "2002.08.20"]

1.e3 e5 2.e4 Nf6 3.Nc3 Bb4 4.a3 Ba5 5.d3 Bxc3+ 6.bxc3 d5 7.f3 h6 8.Ne2 
dxe4 9.fxe4 O-O 10.g3 c6 11.Bg2 Qb6 12.d4 Bg4 13.Be3 Rd8 14.O-O Qb5 15.Re1
Nbd7 16.a4 Qa5 17.Bd2 exd4 18.cxd4 Qh5 19.Bc3 Nc5 20.e5 Nfe4 21.Bxe4 Nxe4 
22.Qd3 Bxe2 23.Qxe4 Bf3 24.Qe3 Bd5 25.Qf2 Qh3 26.Qf1 Qxf1+ 27.Rxf1 Rac8 
28.Bb2 c5 29.c3 cxd4 30.cxd4 Rc2 31.Rf2 Rdc8 32.Raf1 a5 33.Ba3 Rxf2 34.
Rxf2 Rc4 35.Bc5 Rxa4 36.Rb2 Ra1+ 37.Kf2 a4 38.Bb4 a3 39.Rc2 a2 40.Bc3 Rb1 
0-1

[Event "X C.to Italiano U20"]
[Site "Bratto - Castione della Presolana ITA"]
[Date "2002.08.25"]
[Round "6"]
[White "Brunello, Sabino"]
[Black "Mogranzini, Roberto"]
[Result "1/2-1/2"]
[WhiteElo "1957"]
[BlackElo "2149"]
[PlyCount "62"]
[EventDate "2002.08.20"]

1.e4 c5 2.d4 cxd4 3.c3 Nf6 4.e5 Nd5 5.Nf3 e6 6.cxd4 d6 7.a3 Bd7 8.Bd3 Bc6 
9.O-O Nd7 10.Bd2 dxe5 11.dxe5 Qc7 12.Qe2 a6 13.Re1 Nc5 14.Bc4 Rd8 15.Nd4 
Nf4 16.Bxf4 Rxd4 17.Be3 Rd7 18.Nc3 b5 19.Bxc5 Bxc5 20.Ba2 O-O 21.Rac1 Qb6 
22.Bb1 Rfd8 23.Qc2 g6 24.Na4 bxa4 25.Qxc5 Qxc5 26.Rxc5 Bb5 27.g3 Rd2 28.
Rc2 g5 29.Rec1 R8d7 30.Kg2 g4 31.Rc8+ Kg7 {...} 1/2-1/2

[Event "X C.to Italiano U20"]
[Site "Bratto - Castione della Presolana ITA"]
[Date "2002.08.25"]
[Round "6"]
[White "Buchicchio, Alessandro"]
[Black "Nardelli, Marco"]
[Result "0-1"]
[WhiteElo "1707"]
[BlackElo "1821"]
[PlyCount "70"]
[EventDate "2002.08.20"]

1.d4 Nf6 2.c4 c5 3.Nf3 cxd4 4.Nxd4 e5 5.Nf3 Nc6 6.a3 Bc5 7.e3 e4 8.Nd4 d5 
9.Nxc6 bxc6 10.b4 Bd6 11.Bb2 O-O 12.Be2 Be6 13.c5 Bc7 14.Nd2 Nd7 15.Nb3 
Re8 16.Nd4 Ne5 17.Nxe6 Rxe6 18.h3 Qe8 19.Qc2 a5 20.Bc3 f5 21.a4 axb4 22.
Bxb4 f4 23.Bc3 fxe3 24.fxe3 Nd3+ 25.Kd2 d4 26.Bxd4 Ba5+ 27.Bc3 Qd7 28.Bxd3
Bxc3+ 29.Kxc3 exd3 30.Qxd3 Qe7 31.Qc4 Qf6+ 32.Kc2 Qf2+ 33.Kd1 Rd8+ 34.Kc1 
Qd2+ 35.Kb1 Rb8+ 0-1

[Event "X C.to Italiano U20"]
[Site "Bratto - Castione della Presolana ITA"]
[Date "2002.08.25"]
[Round "6"]
[White "Buchicchio, Giampaolo"]
[Black "Piscopo, Pierluigi"]
[Result "1-0"]
[WhiteElo "2188"]
[BlackElo "2289"]
[PlyCount "57"]
[EventDate "2002.08.20"]

1.e4 c5 2.c3 Nf6 3.e5 Nd5 4.d4 cxd4 5.Nf3 d6 6.cxd4 Nc6 7.Bc4 e6 8.O-O Be7
9.Qe2 O-O 10.Nc3 dxe5 11.dxe5 Nxc3 12.bxc3 Qc7 13.Bd3 b6 14.Qe4 g6 15.Bh6 
Rd8 16.Rad1 Bb7 17.Qf4 Na5 18.Ng5 f5 19.Rfe1 Rd5 20.c4 Rc5 21.Bf1 Qc6 22.
Rd6 Rxc4 23.Rxc6 Rxf4 24.Rc7 Bxg5 25.Bxg5 Ra4 26.Rec1 Rf8 27.Bh6 Rxa2 28.
Rg7+ Kh8 29.Rcc7 1-0

[Event "X C.to Italiano U20"]
[Site "Bratto - Castione della Presolana ITA"]
[Date "2002.08.25"]
[Round "6"]
[White "Buchicchio, Roberto"]
[Black "Castellano, Fabio Marco"]
[Result "1/2-1/2"]
[WhiteElo "1645"]
[BlackElo "1600"]
[PlyCount "67"]
[EventDate "2002.08.20"]

1.e4 c5 2.Nf3 e6 3.d4 cxd4 4.Nxd4 a6 5.Nc3 Qc7 6.a3 Nf6 7.Be3 Nc6 8.Be2 b5
9.O-O Bb7 10.Qd2 b4 11.axb4 Bxb4 12.f3 Rc8 13.Bxa6 O-O 14.Nxc6 Qxc6 15.
Bxb7 Qxb7 16.Qd3 Qc6 17.Ra6 Qc7 18.Ra7 Qc6 19.Rc1 Bxc3 20.Qxc3 Qxc3 21.
bxc3 Rxc3 22.Bd4 Rc6 23.Bxf6 gxf6 24.Rxd7 Rfc8 25.Rd2 Rc5 26.f4 f5 27.exf5
Rxf5 28.Rd4 Rc3 29.g3 Rfc5 30.Rd2 h5 31.Kf2 h4 32.Kg2 hxg3 33.hxg3 Re3 34.
c4 1/2-1/2

[Event "X C.to Italiano U20"]
[Site "Bratto - Castione della Presolana ITA"]
[Date "2002.08.25"]
[Round "6"]
[White "Cappai, Davide"]
[Black "Damia, Angelo"]
[Result "1/2-1/2"]
[WhiteElo "1774"]
[BlackElo "1888"]
[PlyCount "126"]
[EventDate "2002.08.20"]

1.e4 c5 2.Nf3 a6 3.d4 cxd4 4.Nxd4 Nf6 5.Nc3 e5 6.Nf5 d5 7.Bg5 d4 8.Bxf6 
gxf6 9.Ne2 Bxf5 10.exf5 Qa5+ 11.c3 Nc6 12.Qb3 O-O-O 13.O-O-O dxc3 14.Rxd8+
Qxd8 15.Nxc3 Bh6+ 16.Kb1 Qd7 17.g4 Rd8 18.Bg2 Nd4 19.Qb6 Nc6 20.Bxc6 Qxc6 
21.Qxc6+ bxc6 22.Rd1 Bf8 23.Rxd8+ Kxd8 24.Ne4 Be7 25.Kc2 Kc7 26.Kc3 a5 27.
Kc4 Kb6 28.g5 fxg5 29.f6 Bd8 30.b4 axb4 31.Kxb4 g4 32.a4 c5+ 33.Kc4 Kc6 
34.Ng5 Bxf6 35.Nxf7 h5 36.a5 e4 37.a6 Be7 38.Ne5+ Kb6 39.Nd7+ Kxa6 40.Kd5 
Kb5 41.Kxe4 Bd6 42.Nf6 Bxh2 43.Nxh5 c4 44.Nf6 g3 45.fxg3 Bxg3 46.Nd5 Bf2 
47.Nc3+ Kb4 48.Nd5+ Kb3 49.Kf3 Bc5 50.Ke2 Kc2 51.Ke1 Kd3 52.Nf4+ Ke3 53.
Ne2 Bb4+ 54.Kd1 Bd2 55.Nf4 Ba5 56.Ne2 Kd3 57.Nc1+ Kc3 58.Ne2+ Kb2 59.Nd4 
c3 60.Nc2 Bb6 61.Ne1 Bd4 62.Nc2 Bf2 63.Nb4 Bc5 1/2-1/2

[Event "X C.to Italiano U20"]
[Site "Bratto - Castione della Presolana ITA"]
[Date "2002.08.25"]
[Round "6"]
[White "Chinello, Gianmarco"]
[Black "Bevilacqua, Andrea"]
[Result "1/2-1/2"]
[WhiteElo "1636"]
[BlackElo "1500"]
[PlyCount "123"]
[EventDate "2002.08.20"]

1.e4 e6 2.d4 d5 3.exd5 exd5 4.Nf3 Bd6 5.Nc3 c6 6.Be2 Ne7 7.O-O Bf5 8.Be3 
Qc7 9.h3 O-O 10.Re1 Ng6 11.Bd3 Bxd3 12.Qxd3 Nd7 13.Ng5 Nf6 14.Ne2 h6 15.
Ne6 fxe6 16.Qxg6 Qf7 17.Nf4 Bxf4 18.Qxf7+ Rxf7 19.Bxf4 Ne4 20.Bh2 Nxf2 21.
Rxe6 Ne4 22.Rf1 Rxf1+ 23.Kxf1 Kf7 24.Re5 Nd2+ 25.Kf2 Nc4 26.Re1 Re8 27.Rc1
Re7 28.b3 Nd2 29.Be5 Ne4+ 30.Ke3 Nf6 31.Rf1 Kg6 32.g4 h5 33.gxh5+ Kxh5 34.
Rg1 g5 35.Kf3 Ne4 36.Rg2 Rf7+ 37.Ke3 Kh4 38.Rh2 Ng3 39.Rg2 Ne4 40.Rh2 Rf1 
41.c4 Rc1 42.cxd5 cxd5 43.Kf3 Rc3+ 44.Kg2 Rd3 45.Kg1 Rxh3 46.Rc2 Rc3 47.
Rh2+ Kg4 48.Rh7 Rc1+ 49.Kg2 Rc2+ 50.Kf1 Rxa2 51.Rxb7 Nd2+ 52.Ke1 Nf3+ 53.
Kd1 Nxe5 54.dxe5 Kf5 55.Rg7 Kxe5 56.Rxg5+ Kd4 57.Rg7 Kc3 58.Rb7 d4 59.b4 
d3 60.Rc7+ Kxb4 61.Rd7 Kc5 62.Rxd3 1/2-1/2

[Event "X C.to Italiano U20"]
[Site "Bratto - Castione della Presolana ITA"]
[Date "2002.08.25"]
[Round "6"]
[White "Costantini, Roberto"]
[Black "Buchicchio, Giancarlo"]
[Result "1-0"]
[WhiteElo "2340"]
[BlackElo "1825"]
[PlyCount "33"]
[EventDate "2002.08.20"]

1.e4 Nf6 2.e5 Nd5 3.d4 d6 4.Nf3 Bg4 5.Be2 e6 6.c4 Nb6 7.O-O Be7 8.h3 Bh5 
9.Nc3 O-O 10.Be3 a6 11.b3 Nc6 12.exd6 cxd6 13.d5 exd5 14.cxd5 Ne5 15.Nxe5 
Bxe2 16.Nxf7 Qc7 17.Nh6+ 1-0